Najlepiej Sprzedające się Albumy w Polsce - Statystyki

Ogólne statystyki
  • Ten quiz został rozwiązany 170 razy
  • Średni wynik to 3 z 19
Statystyki odpowiedzi
Rok Artysta Tytuł % Poprawnych
2017 Quebonafide Egzotyka
72%
2018 Dawid Podsiadło Małomiasteczkowy
68%
2016 O.S.T.R. Życie po śmierci
25%
2011 Adele 21
22%
2015 Adele 25
19%
2013 Dawid Podsiadło Comfort and Happiness
12%
2001 Ich Troje Ad. 4
10%
2008 Feel Feel
10%
2000 Arka Noego A gu gu
7%
2002 Ich Troje Po piąte... a niech gadają
6%
2003 Ich Troje The Best of Ich Troje
6%
2012 Artur Andrus Myśliwiecka
3%
2009 Michael Jackson King of Pop
2%
2014 Indila Mini World
2%
2006 Piotr Rubik & Zbigniew Książek Psałterz Wrześniowy
1%
2007 Różni wykonawcy RMF FM Najlepsza muzyka po polsku
1%
2010 Sade Soldier of Love
1%
2004 Różni wykonawcy The Best Smooth Jazz... Ever!
0%
2005 Różni wykonawcy The Best Smooth Jazz... Ever! Vol.2
0%
Nie znaleziono quizów pasujących do podanych kryteriów
Rozkład punktacji
Procent ludzi z każdym wynikiem
Percentyl według liczby udzielonych odpowiedzi
Twoja historia wyników
Nie rozwiązałeś tego quizu